Digital communication systems : (Record no. 29821)

MARC details
000 -LEADER
fixed length control field 01319pam a2200325 i 4500
001 - CONTROL NUMBER
control field 015629772
003 - CONTROL NUMBER IDENTIFIER
control field EG-ScBUE
005 - DATE AND TIME OF LATEST TRANSACTION
control field 20220302124100.0
008 - FIXED-LENGTH DATA ELEMENTS--GENERAL INFORMATION
fixed length control field 100812s2021 njud f b 001 0 eng d
020 ## - INTERNATIONAL STANDARD BOOK NUMBER
International Standard Book Number 9789354242465
035 ## - SYSTEM CONTROL NUMBER
System control number (IeDuTC)b143566398
040 ## - CATALOGING SOURCE
Original cataloging agency StDuBDS
Language of cataloging eng
Description conventions rda
Transcribing agency StDuBDS
Modifying agency IeDuTC
-- Uk
-- EG-ScBUE
082 04 - DEWEY DECIMAL CLASSIFICATION NUMBER
Classification number 621.382
Edition number 22
Item number HAY
100 1# - MAIN ENTRY--PERSONAL NAME
Personal name Haykin, Simon S.,
Dates associated with a name 1931-
Relator term author.
245 10 - TITLE STATEMENT
Title Digital communication systems :
Remainder of title an Indian adaptation /
Statement of responsibility, etc Simon Haykin, McMaster University ; content contribution for Indian adaptation by Ganesh Prasad, assistant professor, Department of Electronics and Communication Engineering, National Institute of Technology Slichar, Assam.
264 #1 - PUBLICATION, DISTRIBUTION, ETC. (IMPRINT)
Place of publication, distribution, etc New Delhi :
Name of publisher, distributor, etc Wiley,
Date of publication, distribution, etc 2021.
300 ## - PHYSICAL DESCRIPTION
Extent 1 volume (various paging) :
Other physical details charts (black and white) ;
Dimensions 25 cm
336 ## - CONTENT TYPE
Content type term text
Source rdacontent
Content type code txt
337 ## - MEDIA TYPE
Media type term unmediated
Source rdamedia
Media type code n
338 ## - CARRIER TYPE
Carrier type term volume
Source rdacarrier
Carrier type code nc
500 ## - GENERAL NOTE
General note Includes Appendices.
504 ## - BIBLIOGRAPHY, ETC. NOTE
Bibliography, etc Includes bibliographical references and index.
650 #7 - SUBJECT ADDED ENTRY--TOPICAL TERM
Topical term or geographic name as entry element Digital communications.
Source of heading or term BUEsh
653 ## - INDEX TERM--UNCONTROLLED
Resource For college Generalities
Arrived date list February2022
655 ## - INDEX TERM--GENRE/FORM
Form subdivision Reading book
9 (RLIN) 34232
700 1# - ADDED ENTRY--PERSONAL NAME
Personal name Prasad, Ganesh,‏
Dates associated with a name 1876-1935,
Relator term contributor.
942 ## - ADDED ENTRY ELEMENTS (KOHA)
Source of classification or shelving scheme Dewey Decimal Classification
Koha item type Book - Borrowing
Holdings
Withdrawn status Lost status Source of classification or shelving scheme Damaged status Not for loan Collection code Home library Current library Shelving location Date acquired Source of acquisition Cost, normal purchase price Serial Enumeration / chronology Total Checkouts Full call number Barcode Date last seen Cost, replacement price Price effective from Koha item type
    Dewey Decimal Classification     Alahram Central Library Central Library First floor 02/03/2022 Purchase 410.00 281   621.382 HAY 000056180 15/07/2025 512.50 02/03/2022 Book - Borrowing